[Event "Titled Tuesday intern op 10th Sep Early"]
[Site "Chess,com INT"]
[Date "2024.09.10"]
[Round "5"]
[White "Khamzin, Olzhas"]
[Black "Madhvendra, Pratap Sharma"]
[Result "0-1"]
[WhiteElo "2272"]
[BlackElo "2061"]
[PlyCount "78"]
[EventDate "2024.09.10"]
[EventType "swiss (blitz)"]
[EventRounds "11"]
[EventCountry "USA"]
[SourceTitle "EXT 2025"]
[Source "ChessBase"]
[SourceDate "2024.10.14"]
[SourceVersion "1"]
[SourceVersionDate "2024.10.14"]
[SourceQuality "1"]

1. e4 e5 2. Nf3 Nf6 3. Nxe5 Nc6 4. Nxc6 dxc6 5. e5 Ne4 6. Nc3 Qd4 7. Nxe4 Qxe4+ 8. Be2 Qxe5 9. d4 Qf6 10. 0-0 Bd6 11. h3 0-0 12. Bg4 Be6 13. c3 Rae8 14. Qf3 Qxf3 15. Bxf3 Bc4 16. Rd1 Be2 17. Bxe2 Rxe2 18. Rb1 f5 19. Kf1 Rfe8 20. Be3 Rc2 21. Rd2 Rxd2 22. Bxd2 Kf7 23. Re1 Rg8 24. Ke2 g5 25. Kd3 h5 26. c4 g4 27. h4 c5 28. g3 cxd4 29. Kxd4 Rd8 30. Kc3 Bb4+ 31. Kxb4 Rxd2 32. b3 Rxf2 33. a4 Rf3 34. Rg1 f4 35. gxf4 Kf6 36. a5 a6 37. Rd1 g3 38. Rd7 g2 39. Rg7 Kxg7 0-1

[Event "Titled Tuesday intern op 10th Sep Early"]
[Site "Chess,com INT"]
[Date "2024.09.10"]
[Round "10"]
[White "Madhvendra, Pratap Sharma"]
[Black "Vasynda, Oleksandr"]
[Result "1-0"]
[WhiteElo "2061"]
[BlackElo "2254"]
[PlyCount "59"]
[EventDate "2024.09.10"]
[EventType "swiss (blitz)"]
[EventRounds "11"]
[EventCountry "USA"]
[SourceTitle "EXT 2025"]
[Source "ChessBase"]
[SourceDate "2024.10.14"]
[SourceVersion "1"]
[SourceVersionDate "2024.10.14"]
[SourceQuality "1"]

1. e4 c5 2. Nf3 Nc6 3. b4 Nxb4 4. c3 Nc6 5. d4 d5 6. exd5 Qxd5 7. Be2 Bg4 8. c4 Qd8 9. d5 Bxf3 10. Bxf3 Nd4 11. Bb2 Nxf3+ 12. Qxf3 Nf6 13. 0-0 Qb6 14. Bc3 g6 15. Na3 Bg7 16. Rab1 Qa6 17. Nb5 0-0 18. Nc7 Qxc4 19. Nxa8 Rxa8 20. Bxf6 Bxf6 21. d6 Qa6 22. dxe7 Bxe7 23. Rxb7 Bf6 24. Rc7 Rf8 25. Rc6 Qxa2 26. Qxf6 c4 27. h4 h5 28. Rc1 a5 29. R6xc4 a4 30. Rc8 1-0

[Event "Titled Tuesday intern op 10th Sep Early"]
[Site "Chess,com INT"]
[Date "2024.09.10"]
[Round "2"]
[White "Xiao, Tong"]
[Black "Madhvendra, Pratap Sharma"]
[Result "1-0"]
[WhiteElo "2492"]
[BlackElo "2061"]
[PlyCount "111"]
[EventDate "2024.09.10"]
[EventType "swiss (blitz)"]
[EventRounds "11"]
[EventCountry "USA"]
[SourceTitle "EXT 2025"]
[Source "ChessBase"]
[SourceDate "2024.10.14"]
[SourceVersion "1"]
[SourceVersionDate "2024.10.14"]
[SourceQuality "1"]

1. c4 d6 2. d4 g6 3. Nc3 Bg7 4. g3 Nf6 5. Bg2 0-0 6. Nf3 Nbd7 7. 0-0 e5 8. e4 c6 9. h3 a6 10. a4 Qc7 11. Re1 a5 12. Be3 Rd8 13. Qc2 Nf8 14. Rad1 Be6 15. d5 Bc8 16. c5 cxd5 17. Nb5 Qc6 18. exd5 Nxd5 19. Rxd5 Qxd5 20. Nc7 Bf5 21. Qxf5 Qc6 22. Qxf7+ Kxf7 23. Ng5+ Kf6 24. Bxc6 bxc6 25. Nxa8 Rxa8 26. cxd6 h6 27. Ne4+ Ke6 28. Rd1 Nd7 29. Rc1 Kd5 30. f3 Rb8 31. Rc2 Rb3 32. Kf2 Bf8 33. g4 Ke6 34. Rxc6 Rxb2+ 35. Kg3 Rb4 36. Rc8 Rxa4 37. Re8+ Kf7 38. Rd8 Ke6 39. Rxf8 Rxe4 40. Re8+ Kf7 41. Re7+ Kf8 42. fxe4 Nf6 43. Bxh6+ Kg8 44. Kf3 a4 45. d7 Nxd7 46. Rxd7 a3 47. Ra7 a2 48. Rxa2 g5 49. Bxg5 Kh7 50. h4 Kg6 51. Ra6+ Kh7 52. h5 Kg7 53. Bf6+ Kg8 54. Bxe5 Kh7 55. Ra7+ Kh6 56. Bf4# 1-0

[Event "Titled Tuesday intern op 03rd Sep Early"]
[Site "Chess.com INT"]
[Date "2024.09.03"]
[Round "1"]
[White "Larina, Marija"]
[Black "Madhvendra, Pratap Sharma"]
[Result "0-1"]
[WhiteElo "1969"]
[BlackElo "2061"]
[PlyCount "74"]
[EventDate "2024.09.03"]
[EventType "swiss (blitz)"]
[EventRounds "11"]
[EventCountry "USA"]
[SourceTitle "EXT 2025"]
[Source "ChessBase"]
[SourceDate "2024.10.14"]
[SourceVersion "1"]
[SourceVersionDate "2024.10.14"]
[SourceQuality "1"]

1. e4 c5 2. Nc3 Nc6 3. Bb5 Nd4 4. Nf3 Nxb5 5. Nxb5 a6 6. Nc3 b5 7. d4 cxd4 8. Nxd4 Bb7 9. a3 d6 10. 0-0 Nf6 11. Re1 g6 12. Bg5 Bg7 13. Qd2 Rc8 14. Bh6 0-0 15. Bxg7 Kxg7 16. Qg5 Rxc3 17. bxc3 Nxe4 18. Qe3 e5 19. Nf3 Qc7 20. Rad1 Nxc3 21. Rd3 Nd5 22. Qd2 Nb6 23. Qb4 Nc4 24. Nd2 Qc6 25. f3 a5 26. Qc3 Qb6+ 27. Kh1 Rc8 28. Nxc4 Rxc4 29. Qd2 Qc7 30. Rxd6 Rxc2 31. Qd1 Qc3 32. Rd7 Bc6 33. Rc7 Qb2 34. Rg1 b4 35. axb4 axb4 36. Qd6 Rxg2 37. Qxc6 Rxh2# 0-1

[Event "Titled Tuesday intern op 03rd Sep Early"]
[Site "Chess.com INT"]
[Date "2024.09.03"]
[Round "10"]
[White "Madhvendra, Pratap Sharma"]
[Black "Paikens, Reinis"]
[Result "1-0"]
[WhiteElo "2061"]
[BlackElo "2286"]
[PlyCount "68"]
[EventDate "2024.09.03"]
[EventType "swiss (blitz)"]
[EventRounds "11"]
[EventCountry "USA"]
[SourceTitle "EXT 2025"]
[Source "ChessBase"]
[SourceDate "2024.10.14"]
[SourceVersion "1"]
[SourceVersionDate "2024.10.14"]
[SourceQuality "1"]

1. d4 d5 2. Nf3 c6 3. Bf4 Nf6 4. e3 Bf5 5. Bd3 Bxd3 6. cxd3 e6 7. Nc3 Nbd7 8. Qb3 Qb6 9. Qc2 Be7 10. 0-0 0-0 11. h3 Rac8 12. Na4 Qa5 13. a3 c5 14. dxc5 Nxc5 15. Nxc5 Rxc5 16. Qe2 Qb6 17. b4 Rcc8 18. Rfc1 Nd7 19. Ne5 Nxe5 20. Bxe5 f6 21. Bd4 Qa6 22. Qg4 Rxc1+ 23. Rxc1 e5 24. Rc7 Qd6 25. Rd7 f5 26. Rxd6 fxg4 27. Rd7 exd4 28. Rxe7 dxe3 29. fxe3 gxh3 30. Rxb7 hxg2 31. Rxa7 Rf3 32. b5 h5 33. b6 h4 34. Kxg2 Rxe3 1-0